Normal view
MARC view
- Data, Machine learning, Artificial intelligence, Mobile applications, Computer networks, Cryptography and information security, Mobile and wireless communication - Journals.
Entry Topical Term
001 - CONTROL NUMBER
- control field: 28818
003 - CONTROL NUMBER IDENTIFIER
- control field: NUST
005 - DATE AND TIME OF LATEST TRANSACTION
- control field: 20200306100113.0
008 - FIXED-LENGTH DATA ELEMENTS
- fixed length control field: 200306|| aca||aabn | a|a d
040 ## - CATALOGING SOURCE
- Original cataloging agency: NUST
- Transcribing agency: NUST
150 ## - HEADING--TOPICAL TERM
- Topical term or geographic name entry element: Data, Machine learning, Artificial intelligence, Mobile applications, Computer networks, Cryptography and information security, Mobile and wireless communication - Journals.
670 ## - SOURCE DATA FOUND
- Source citation: Work cat.: (NUST): KJCIS 28817, KIET Journal of Computing and Information Sciences /
